000 00374nam a2200133Ia 4500
008 151001s9999||||xx |||||||||||||| ||und||
100 _a कुश्नचंदर
245 _aएक लडकी हजारो दिवाने
250 _a1
260 _bभारतीय जनसहयोग
260 _c2002
300 _a136
365 _b21
999 _c979257
_d979254